00460naa a2200157 a 450000100080000000500110000800800410001910000180006024500880007826000090016665000220017565000140019765000220021170000160023377300530024920454602016-05-23 1975 bl --- 0-- u #d1 aULLASA, B. A. aA new Phytophthora leaf blight and damping off disease of passion fruit from India. c1975 aDoença de Planta aMaracujá aPassiflora Edulis1 aSOHL, H. S. tCurrent Sciencegv. 44, n. 16, p. 593-594, 1975.